BIOS instant notes in Immunology (Record no. 15651)

MARC details
000 -LEADER
fixed length control field 00732 am a2200277 a 4500
001 - CONTROL NUMBER
control field 152902
003 - CONTROL NUMBER IDENTIFIER
control field OSt
005 - DATE AND TIME OF LATEST TRANSACTION
control field 20220325162201.0
008 - FIXED-LENGTH DATA ELEMENTS--GENERAL INFORMATION
fixed length control field 0330 ###
020 ## - INTERNATIONAL STANDARD BOOK NUMBER
International Standard Book Number 9780415607537
082 ## - DEWEY DECIMAL CLASSIFICATION NUMBER
Classification number 571.96
Item number L98B
100 1# - MAIN ENTRY--PERSONAL NAME
Personal name Lydyard, Peter
245 1# - TITLE STATEMENT
Title BIOS instant notes in Immunology
Statement of responsibility, etc by Peter Lydyard, Alex Whelan, Michael Fanger
250 ## - EDITION STATEMENT
Edition statement 3rd ed.
260 ## - PUBLICATION, DISTRIBUTION, ETC. (IMPRINT)
Place of publication, distribution, etc New York
Name of publisher, distributor, etc Garland Science
Date of publication, distribution, etc 2011
300 ## - PHYSICAL DESCRIPTION
Extent 358p.
630 ## - SUBJECT ADDED ENTRY--UNIFORM TITLE
Uniform title School of life sciences
653 ## - INDEX TERM--UNCONTROLLED
Uncontrolled term Immunology
653 ## - INDEX TERM--UNCONTROLLED
Uncontrolled term Immunity
653 ## - INDEX TERM--UNCONTROLLED
Uncontrolled term Military art and science
653 ## - INDEX TERM--UNCONTROLLED
Uncontrolled term Natural history
653 ## - INDEX TERM--UNCONTROLLED
Uncontrolled term Immune system
700 ## - ADDED ENTRY--PERSONAL NAME
Personal name Whelan, Alex
700 ## - ADDED ENTRY--PERSONAL NAME
Personal name Fanger, Michael
942 ## - ADDED ENTRY ELEMENTS (KOHA)
Source of classification or shelving scheme Dewey Decimal Classification
Koha item type Books
Holdings
Withdrawn status Lost status Damaged status Not for loan Collection code Home library Current library Date acquired Source of acquisition Total Checkouts Full call number Barcode Date last seen Date checked out Price effective from Koha item type Use restrictions
        General Text Book Central University Of Rajasthan Central University Of Rajasthan 31/03/2016 LFS 12 571.96 L98B 27118 20/02/2025 12/02/2025 02/09/2020 Books  
        General Text Book Central University Of Rajasthan Central University Of Rajasthan 31/03/2016 LFS   571.96 L98B 27117 21/11/2024   02/09/2020 Books  
        General Text Book Central University Of Rajasthan Central University Of Rajasthan 31/03/2016 LFS 8 571.96 L98B 27116 30/10/2025 16/10/2025 02/09/2020 Books  
      Not For Loan Reserve Text Book Central University Of Rajasthan Central University Of Rajasthan 31/03/2016 LFS   571.96 L98B 27115 21/11/2024   02/09/2020 Books Restricted Access
        General Text Book Central University Of Rajasthan Central University Of Rajasthan 31/03/2016 LFS 10 571.96 L98B 27119 24/03/2025 07/03/2025 02/09/2020 Books  
        General Text Book Central University Of Rajasthan Central University Of Rajasthan 31/03/2016 LFS 8 571.96 L98B 27121 06/04/2026 18/03/2026 02/09/2020 Books  
      Not For Loan Reserve Text Book Central University Of Rajasthan Central University Of Rajasthan 31/03/2016 LFS   571.96 L98B 27120 21/11/2024   02/09/2020 Books Restricted Access
        General Text Book Central University Of Rajasthan Central University Of Rajasthan 31/03/2016 LFS 10 571.96 L98B 27114 18/02/2026 03/02/2026 02/09/2020 Books  
      Not For Loan Reserve Text Book Central University Of Rajasthan Central University Of Rajasthan 31/03/2016 LFS   571.96 L98B 27125 21/11/2024   02/09/2020 Books Restricted Access
        General Text Book Central University Of Rajasthan Central University Of Rajasthan 31/03/2016 LFS 3 571.96 L98B 27113 04/08/2025 21/07/2025 02/09/2020 Books  
        General Text Book Central University Of Rajasthan Central University Of Rajasthan 31/03/2016 LFS 3 571.96 L98B 27124 18/02/2026 02/02/2026 02/09/2020 Books  
        General Text Book Central University Of Rajasthan Central University Of Rajasthan 31/03/2016 LFS 5 571.96 L98B 27112 21/11/2024 12/09/2023 02/09/2020 Books  
        General Text Book Central University Of Rajasthan Central University Of Rajasthan 31/03/2016 LFS 11 571.96 L98B 27123 19/03/2025 28/02/2025 02/09/2020 Books  
        General Text Book Central University Of Rajasthan Central University Of Rajasthan 31/03/2016 LFS 3 571.96 L98B 27111 14/10/2025 01/10/2025 02/09/2020 Books  
        General Text Book Central University Of Rajasthan Central University Of Rajasthan 31/03/2016 LFS 5 571.96 L98B 27122 05/02/2026 21/01/2026 02/09/2020 Books